000 01608nam a2200385 i 4500
001 bg
111 2 _aInternational IMAPS-IEEE Poland Conference
_n(35 ;
_d2011 ;
_cGdańsk / Sobieszewo).
245 1 0 _aIMAPS-CPMT 2011
_h[Dokument elektroniczny] :
_bproceedings : September 21-24, Gdańsk-Sobieszewo /
_c[ed. Piotr Jasiński, Grzegorz Jasiński ; phot. Konrad Dunst ; org. Gdansk University of Technology. Faculty of Electronics, Telecomunications and Informatics].
246 3 0 _aIMAPS
246 3 _aInternational Microelectronics and packaging IMAPS-IEEE CPMT Poland conference
246 1 8 _a35th International Microelectronics and packaging IMAPS-IEEE CPMT Poland conference
246 1 _aInternational Conference IMAPS-Poland 2011, 35
246 3 0 _aIMAPS
260 _aGdańsk :
_bGdansk University of Technology,
_ccop. 2011.
300 _a1 dysk optyczny (CD-ROM) :
_bkolor ;
_c12 cm.
504 _aBibliogr. Indeks.
538 _aWymagania systemowe: IBM PC; Windows 98 lub nowszy; Acrobat Reader; czytnik CD-ROM.
650 4 _aMikroelektronika
655 4 _aMateriały konferencyjne
655 4 _aDokumenty elektroniczne
700 1 _aJasiński, Piotr.
_eRed.
700 1 _aJasiński, Grzegorz.
_eRed.
700 1 _aDunst, Konrad.
_eFot.
710 1 _aPolitechnika Gdańska.
_bWydział Elektroniki, Telekomunikacji i Informatyki.
020 _a9788360779149
040 _cBPK
041 1 _aeng
044 _aPOL
080 _a621.3.049.77
080 _a(06)
080 _a(0.34)
920 _a978-83-607791-4-9
942 _cCD
008 121009s2012 pl a |000 0 eng
999 _c41203
_d41203
856 _uhttp://koha.tu.koszalin.pl/cgi-bin/koha/opac-detail.pl?biblionumber=41203
_yKatalog online BPK